How to buy real estate overseas

How To Buy Real Estate Overseas gives some needed insight on just what is needed when you make the decision that buying real estate in another country is your desire.

Enregistré dans:
Détails bibliographiques
Auteur principal: Peddicord, Kathleen
Format: Livre
Langue:Undetermined
Publié: Hoboken, New Jersey John Wiley and Sons 2013
Sujets:
Tags: Ajouter un tag
Pas de tags, Soyez le premier à ajouter un tag!
Thư viện lưu trữ: Trung tâm Học liệu Trường Đại học Cần Thơ
LEADER 00781nam a2200205Ia 4500
001 CTU_227965
008 210402s9999 xx 000 0 und d
082 |a 332.63​24 
082 |b P371 
100 |a Peddicord, Kathleen 
245 0 |a How to buy real estate overseas 
245 0 |c Kathleen Peddicord 
260 |a Hoboken, New Jersey 
260 |b John Wiley and Sons 
260 |c 2013 
520 |a How To Buy Real Estate Overseas gives some needed insight on just what is needed when you make the decision that buying real estate in another country is your desire. 
650 |a Đầu tư bất động sản,Real estate investment 
650 |x Nước ngoài,Foreign countries 
910 |b nthai 
980 |a Trung tâm Học liệu Trường Đại học Cần Thơ